-
USMAN, DR.MD.RAGEE JAGTAP Dr. VAIBHAVKUMAR , SALUNKHE Mr. ATISH AND CHAUBEY Dr. NEELEAH
Entry Personal Name
Number of records used in: 1
001 - CONTROL NUMBER
003 - CONTROL NUMBER IDENTIFIER
005 - DATE AND TIME OF LATEST TRANSACTION
- control field:
20240108101704.0
008 - FIXED-LENGTH DATA ELEMENTS
- fixed length control field:
240108|| aca||aabn | a|a d
040 ## - CATALOGING SOURCE
- Original cataloging agency:
JRU
- Transcribing agency:
JRU
100 ## - HEADING--PERSONAL NAME
- Personal name:
USMAN, DR.MD.RAGEE JAGTAP Dr. VAIBHAVKUMAR , SALUNKHE Mr. ATISH AND CHAUBEY Dr. NEELEAH
670 ## - SOURCE DATA FOUND
- Source citation:
Work cat.: (JRU)7881: USMAN, DR.MD.RAGEE JAGTAP Dr. VAIBHAVKUMAR , SALUNKHE Mr. ATISH AND CHAUBEY Dr. NEELEAH, A TEXTBOOK OF PHARMACEUTICAL ENGINEERING [SEM-II]